I Vicini della Cina - Morte Improvvisa - Statistics

Statistiche generali
  • Questo quiz è stato fatto 11.519 volte
  • Il punteggio medio è 6 su 14
Answers on the Grid
Answers color-coded by a green-red scale on the quiz's grid according to % correct below.
Afghanistan
Azerbaigian
Bangladesh
Bhutan
Cambogia
Corea del Nord
Corea del Sud
Danimarca
Egitto
Francia
Giappone
Giordania
India
Iran
Kazakistan
Kirghizistan
Laos
Mongolia
Myanmar
Nepal
Pakistan
Russia
Seychelles
Singapore
Tagikistan
Thailandia
Turkmenistan
Vietnam
 
Statistiche sulle risposte
Risposta % Corretto
Russia
67%
Mongolia
64%
Corea del Nord
61%
Nepal
56%
India
54%
Vietnam
45%
Bhutan
43%
Kazakistan
37%
Myanmar
32%
Pakistan
32%
Kirghizistan
31%
Laos
31%
Tagikistan
27%
Afghanistan
26%
Nessun quiz corrispondente trovato
Distribuzione punteggi
Percentuale di utenti per punteggio
Percentile per numero di risposta
I tuoi punteggi nel tempo
Non hai fatto questo quiz